Normal view
MARC view
- INDUSTRIAL ORGANIZATION - CHARTS, DIAGRAMS ETC, ORGANIZATION CHARTS, REENGINEERING MANAGEMENT, BENCHMARKING MANAGEMENT, ORGANIZATIONAL EFFECTIVENESS
Entry Topical Term
001 - CONTROL NUMBER
- control field: 62778
003 - CONTROL NUMBER IDENTIFIER
- control field: NUST
005 - DATE AND TIME OF LATEST TRANSACTION
- control field: 20210628203008.0
008 - FIXED-LENGTH DATA ELEMENTS
- fixed length control field: 210628|| aca||aabn | a|a d
040 ## - CATALOGING SOURCE
- Original cataloging agency: NUST
- Transcribing agency: NUST
150 ## - HEADING--TOPICAL TERM
- Topical term or geographic name entry element: INDUSTRIAL ORGANIZATION - CHARTS, DIAGRAMS ETC, ORGANIZATION CHARTS, REENGINEERING MANAGEMENT, BENCHMARKING MANAGEMENT, ORGANIZATIONAL EFFECTIVENESS
670 ## - SOURCE DATA FOUND
- Source citation: Work cat.: (NUST): Graham, Ben B 62777, Detail process charting, speaking the language of process, 2004
